Statistics for Liverpool Full Squads (2000-)

Click here to take the quiz!

General Stats

  • This quiz has been taken 285 times
    (284 since last reset)
  • The average score is 337 of 575

Answer Stats

Year#Pos/CountryAnswer% Correct
2018-201913GK ๐Ÿ‡ง๐Ÿ‡ทAlisson
98%
2022-20231GK ๐Ÿ‡ง๐Ÿ‡ทAlisson
98%
2020-20211GK ๐Ÿ‡ง๐Ÿ‡ทAlisson
98%
2021-20221GK ๐Ÿ‡ง๐Ÿ‡ทAlisson
98%
2019-20201GK ๐Ÿ‡ง๐Ÿ‡ทAlisson
98%
2020-202111FW ๐Ÿ‡ช๐Ÿ‡ฌMohamed Salah
98%
2021-202211FW ๐Ÿ‡ช๐Ÿ‡ฌMohamed Salah
98%
2018-201911FW ๐Ÿ‡ช๐Ÿ‡ฌMohamed Salah
98%
2022-202311FW ๐Ÿ‡ช๐Ÿ‡ฌMohamed Salah
98%
2017-201811FW ๐Ÿ‡ช๐Ÿ‡ฌMohamed Salah
98%
2019-202011FW ๐Ÿ‡ช๐Ÿ‡ฌMohamed Salah
98%
2016-201719FW ๐Ÿ‡ธ๐Ÿ‡ณSadio Manรฉ
98%
2021-202210FW ๐Ÿ‡ธ๐Ÿ‡ณSadio Manรฉ
98%
2018-201910FW ๐Ÿ‡ธ๐Ÿ‡ณSadio Manรฉ
98%
2017-201819FW ๐Ÿ‡ธ๐Ÿ‡ณSadio Manรฉ
98%
2019-202010FW ๐Ÿ‡ธ๐Ÿ‡ณSadio Manรฉ
98%
2020-202110FW ๐Ÿ‡ธ๐Ÿ‡ณSadio Manรฉ
98%
2016-20179FW ๐Ÿ‡ง๐Ÿ‡ทRoberto Firmino
97%
2019-20209FW ๐Ÿ‡ง๐Ÿ‡ทRoberto Firmino
97%
2021-20229FW ๐Ÿ‡ง๐Ÿ‡ทRoberto Firmino
97%
2020-20219FW ๐Ÿ‡ง๐Ÿ‡ทRoberto Firmino
97%
2022-20239FW ๐Ÿ‡ง๐Ÿ‡ทRoberto Firmino
97%
2018-20199FW ๐Ÿ‡ง๐Ÿ‡ทRoberto Firmino
97%
2017-20189FW ๐Ÿ‡ง๐Ÿ‡ทRoberto Firmino
97%
2015-201611FW ๐Ÿ‡ง๐Ÿ‡ทRoberto Firmino
97%
2022-20234DF ๐Ÿ‡ณ๐Ÿ‡ฑVirgil van Dijk
97%
2018-20194DF ๐Ÿ‡ณ๐Ÿ‡ฑVirgil van Dijk
97%
2019-20204DF ๐Ÿ‡ณ๐Ÿ‡ฑVirgil van Dijk
97%
2017-20184DF ๐Ÿ‡ณ๐Ÿ‡ฑVirgil van Dijk
97%
2020-20214DF ๐Ÿ‡ณ๐Ÿ‡ฑVirgil van Dijk
97%
2021-20224DF ๐Ÿ‡ณ๐Ÿ‡ฑVirgil van Dijk
97%
2021-202226DF ๐Ÿด๓ ง๓ ข๓ ณ๓ ฃ๓ ด๓ ฟAndrew Robertson
93%
2018-201926DF ๐Ÿด๓ ง๓ ข๓ ณ๓ ฃ๓ ด๓ ฟAndrew Robertson
93%
2020-202126DF ๐Ÿด๓ ง๓ ข๓ ณ๓ ฃ๓ ด๓ ฟAndrew Robertson
93%
2019-202026DF ๐Ÿด๓ ง๓ ข๓ ณ๓ ฃ๓ ด๓ ฟAndrew Robertson
93%
2017-201826DF ๐Ÿด๓ ง๓ ข๓ ณ๓ ฃ๓ ด๓ ฟAndrew Robertson
93%
2022-202326DF ๐Ÿด๓ ง๓ ข๓ ณ๓ ฃ๓ ด๓ ฟAndrew Robertson
93%
2021-202214MF ๐Ÿด๓ ง๓ ข๓ ฅ๓ ฎ๓ ง๓ ฟJordan Henderson
93%
2014-201514MF ๐Ÿด๓ ง๓ ข๓ ฅ๓ ฎ๓ ง๓ ฟJordan Henderson
93%
2012-201314MF ๐Ÿด๓ ง๓ ข๓ ฅ๓ ฎ๓ ง๓ ฟJordan Henderson
93%
2016-201714MF ๐Ÿด๓ ง๓ ข๓ ฅ๓ ฎ๓ ง๓ ฟJordan Henderson
93%
2019-202014MF ๐Ÿด๓ ง๓ ข๓ ฅ๓ ฎ๓ ง๓ ฟJordan Henderson
93%
2020-202114MF ๐Ÿด๓ ง๓ ข๓ ฅ๓ ฎ๓ ง๓ ฟJordan Henderson
93%
2022-202314MF ๐Ÿด๓ ง๓ ข๓ ฅ๓ ฎ๓ ง๓ ฟJordan Henderson
93%
2018-201914MF ๐Ÿด๓ ง๓ ข๓ ฅ๓ ฎ๓ ง๓ ฟJordan Henderson
93%
2017-201814MF ๐Ÿด๓ ง๓ ข๓ ฅ๓ ฎ๓ ง๓ ฟJordan Henderson
93%
2013-201414MF ๐Ÿด๓ ง๓ ข๓ ฅ๓ ฎ๓ ง๓ ฟJordan Henderson
93%
2011-201214MF ๐Ÿด๓ ง๓ ข๓ ฅ๓ ฎ๓ ง๓ ฟJordan Henderson
93%
2015-201614MF ๐Ÿด๓ ง๓ ข๓ ฅ๓ ฎ๓ ง๓ ฟJordan Henderson
93%
2019-202066DF ๐Ÿด๓ ง๓ ข๓ ฅ๓ ฎ๓ ง๓ ฟTrent Alexander-Arnold
93%
2020-202166DF ๐Ÿด๓ ง๓ ข๓ ฅ๓ ฎ๓ ง๓ ฟTrent Alexander-Arnold
93%
2016-201766DF ๐Ÿด๓ ง๓ ข๓ ฅ๓ ฎ๓ ง๓ ฟTrent Alexander-Arnold
93%
2017-201866DF ๐Ÿด๓ ง๓ ข๓ ฅ๓ ฎ๓ ง๓ ฟTrent Alexander-Arnold
93%
2018-201966DF ๐Ÿด๓ ง๓ ข๓ ฅ๓ ฎ๓ ง๓ ฟTrent Alexander-Arnold
93%
2021-202266DF ๐Ÿด๓ ง๓ ข๓ ฅ๓ ฎ๓ ง๓ ฟTrent Alexander-Arnold
93%
2022-202366DF ๐Ÿด๓ ง๓ ข๓ ฅ๓ ฎ๓ ง๓ ฟTrent Alexander-Arnold
93%
2022-20233MF ๐Ÿ‡ง๐Ÿ‡ทFabinho
92%
2019-20203MF ๐Ÿ‡ง๐Ÿ‡ทFabinho
92%
2018-20193MF ๐Ÿ‡ง๐Ÿ‡ทFabinho
92%
2021-20223MF ๐Ÿ‡ง๐Ÿ‡ทFabinho
92%
2020-20213MF ๐Ÿ‡ง๐Ÿ‡ทFabinho
92%
2006-20078MF ๐Ÿด๓ ง๓ ข๓ ฅ๓ ฎ๓ ง๓ ฟSteven Gerrard
92%
2001-200217MF ๐Ÿด๓ ง๓ ข๓ ฅ๓ ฎ๓ ง๓ ฟSteven Gerrard
92%
2000-200117MF ๐Ÿด๓ ง๓ ข๓ ฅ๓ ฎ๓ ง๓ ฟSteven Gerrard
92%
2007-20088MF ๐Ÿด๓ ง๓ ข๓ ฅ๓ ฎ๓ ง๓ ฟSteven Gerrard
92%
2005-20068MF ๐Ÿด๓ ง๓ ข๓ ฅ๓ ฎ๓ ง๓ ฟSteven Gerrard
92%
2013-20148MF ๐Ÿด๓ ง๓ ข๓ ฅ๓ ฎ๓ ง๓ ฟSteven Gerrard
92%
2011-20128MF ๐Ÿด๓ ง๓ ข๓ ฅ๓ ฎ๓ ง๓ ฟSteven Gerrard
92%
2014-20158MF ๐Ÿด๓ ง๓ ข๓ ฅ๓ ฎ๓ ง๓ ฟSteven Gerrard
92%
2012-20138MF ๐Ÿด๓ ง๓ ข๓ ฅ๓ ฎ๓ ง๓ ฟSteven Gerrard
92%
2008-20098MF ๐Ÿด๓ ง๓ ข๓ ฅ๓ ฎ๓ ง๓ ฟSteven Gerrard
92%
2003-200417MF ๐Ÿด๓ ง๓ ข๓ ฅ๓ ฎ๓ ง๓ ฟSteven Gerrard
92%
2004-20058MF ๐Ÿด๓ ง๓ ข๓ ฅ๓ ฎ๓ ง๓ ฟSteven Gerrard
92%
2009-20108MF ๐Ÿด๓ ง๓ ข๓ ฅ๓ ฎ๓ ง๓ ฟSteven Gerrard
92%
2010-20118MF ๐Ÿด๓ ง๓ ข๓ ฅ๓ ฎ๓ ง๓ ฟSteven Gerrard
92%
2002-200317MF ๐Ÿด๓ ง๓ ข๓ ฅ๓ ฎ๓ ง๓ ฟSteven Gerrard
92%
2021-202232DF ๐Ÿ‡จ๐Ÿ‡ฒJoel Matip
91%
2022-202332DF ๐Ÿ‡จ๐Ÿ‡ฒJoel Matip
91%
2016-201732DF ๐Ÿ‡จ๐Ÿ‡ฒJoel Matip
91%
2018-201932DF ๐Ÿ‡จ๐Ÿ‡ฒJoel Matip
91%
2019-202032DF ๐Ÿ‡จ๐Ÿ‡ฒJoel Matip
91%
2017-201832DF ๐Ÿ‡จ๐Ÿ‡ฒJoel Matip
91%
2020-202132DF ๐Ÿ‡จ๐Ÿ‡ฒJoel Matip
91%
2020-202120FW ๐Ÿ‡ต๐Ÿ‡นDiogo Jota
90%
2022-202320FW ๐Ÿ‡ต๐Ÿ‡นDiogo Jota
90%
2021-202220FW ๐Ÿ‡ต๐Ÿ‡นDiogo Jota
90%
2018-201912DF ๐Ÿด๓ ง๓ ข๓ ฅ๓ ฎ๓ ง๓ ฟJoe Gomez
88%
2019-202012DF ๐Ÿด๓ ง๓ ข๓ ฅ๓ ฎ๓ ง๓ ฟJoe Gomez
88%
2022-20232DF ๐Ÿด๓ ง๓ ข๓ ฅ๓ ฎ๓ ง๓ ฟJoe Gomez
88%
2021-202212DF ๐Ÿด๓ ง๓ ข๓ ฅ๓ ฎ๓ ง๓ ฟJoe Gomez
88%
2016-201712DF ๐Ÿด๓ ง๓ ข๓ ฅ๓ ฎ๓ ง๓ ฟJoe Gomez
88%
2020-202112DF ๐Ÿด๓ ง๓ ข๓ ฅ๓ ฎ๓ ง๓ ฟJoe Gomez
88%
2015-201612DF ๐Ÿด๓ ง๓ ข๓ ฅ๓ ฎ๓ ง๓ ฟJoe Gomez
88%
2017-201812DF ๐Ÿด๓ ง๓ ข๓ ฅ๓ ฎ๓ ง๓ ฟJoe Gomez
88%
2021-202223FW ๐Ÿ‡จ๐Ÿ‡ดLuis Dรญaz
88%
2022-202323FW ๐Ÿ‡จ๐Ÿ‡ดLuis Dรญaz
88%
2012-20137FW ๐Ÿ‡บ๐Ÿ‡พLuis Suรกrez
88%
2010-20117FW ๐Ÿ‡บ๐Ÿ‡พLuis Suรกrez
88%
2011-20127FW ๐Ÿ‡บ๐Ÿ‡พLuis Suรกrez
88%
2013-20147FW ๐Ÿ‡บ๐Ÿ‡พLuis Suรกrez
88%
2021-20226MF ๐Ÿ‡ช๐Ÿ‡ธThiago
88%
2022-20236MF ๐Ÿ‡ช๐Ÿ‡ธThiago
88%
2020-20216MF ๐Ÿ‡ช๐Ÿ‡ธThiago
88%
2021-20227MF ๐Ÿด๓ ง๓ ข๓ ฅ๓ ฎ๓ ง๓ ฟJames Milner
87%
2020-20217MF ๐Ÿด๓ ง๓ ข๓ ฅ๓ ฎ๓ ง๓ ฟJames Milner
87%
2019-20207MF ๐Ÿด๓ ง๓ ข๓ ฅ๓ ฎ๓ ง๓ ฟJames Milner
87%
2017-20187MF ๐Ÿด๓ ง๓ ข๓ ฅ๓ ฎ๓ ง๓ ฟJames Milner
87%
2018-20197MF ๐Ÿด๓ ง๓ ข๓ ฅ๓ ฎ๓ ง๓ ฟJames Milner
87%
2022-20237MF ๐Ÿด๓ ง๓ ข๓ ฅ๓ ฎ๓ ง๓ ฟJames Milner
87%
2016-20177MF ๐Ÿด๓ ง๓ ข๓ ฅ๓ ฎ๓ ง๓ ฟJames Milner
87%
2015-20167MF ๐Ÿด๓ ง๓ ข๓ ฅ๓ ฎ๓ ง๓ ฟJames Milner
87%
2022-20238MF ๐Ÿ‡ฌ๐Ÿ‡ณNaby Keรฏta
87%
2019-20208MF ๐Ÿ‡ฌ๐Ÿ‡ณNaby Keรฏta
87%
2018-20198MF ๐Ÿ‡ฌ๐Ÿ‡ณNaby Keรฏta
87%
2021-20228MF ๐Ÿ‡ฌ๐Ÿ‡ณNaby Keรฏta
87%
2020-20218MF ๐Ÿ‡ฌ๐Ÿ‡ณNaby Keรฏta
87%
2011-201225GK ๐Ÿ‡ช๐Ÿ‡ธPepe Reina
87%
2009-201025GK ๐Ÿ‡ช๐Ÿ‡ธPepe Reina
87%
2005-200625GK ๐Ÿ‡ช๐Ÿ‡ธPepe Reina
87%
2012-201325GK ๐Ÿ‡ช๐Ÿ‡ธPepe Reina
87%
2006-200725GK ๐Ÿ‡ช๐Ÿ‡ธPepe Reina
87%
2008-200925GK ๐Ÿ‡ช๐Ÿ‡ธPepe Reina
87%
2007-200825GK ๐Ÿ‡ช๐Ÿ‡ธPepe Reina
87%
2010-201125GK ๐Ÿ‡ช๐Ÿ‡ธPepe Reina
87%
2014-201510FW ๐Ÿ‡ง๐Ÿ‡ทPhilippe Coutinho
87%
2016-201710FW ๐Ÿ‡ง๐Ÿ‡ทPhilippe Coutinho
87%
2012-201310FW ๐Ÿ‡ง๐Ÿ‡ทPhilippe Coutinho
87%
2013-201410FW ๐Ÿ‡ง๐Ÿ‡ทPhilippe Coutinho
87%
2015-201610FW ๐Ÿ‡ง๐Ÿ‡ทPhilippe Coutinho
87%
2017-201810FW ๐Ÿ‡ง๐Ÿ‡ทPhilippe Coutinho
87%
2022-202327FW ๐Ÿ‡บ๐Ÿ‡พDarwin Nรบรฑez
86%
2017-20186DF ๐Ÿ‡ญ๐Ÿ‡ทDejan Lovren
86%
2016-20176DF ๐Ÿ‡ญ๐Ÿ‡ทDejan Lovren
86%
2019-20206DF ๐Ÿ‡ญ๐Ÿ‡ทDejan Lovren
86%
2015-20166DF ๐Ÿ‡ญ๐Ÿ‡ทDejan Lovren
86%
2014-20156DF ๐Ÿ‡ญ๐Ÿ‡ทDejan Lovren
86%
2018-20196DF ๐Ÿ‡ญ๐Ÿ‡ทDejan Lovren
86%
2016-20171GK ๐Ÿ‡ฉ๐Ÿ‡ชLoris Karius
86%
2017-20181GK ๐Ÿ‡ฉ๐Ÿ‡ชLoris Karius
86%
2021-202227FW ๐Ÿ‡ง๐Ÿ‡ชDivock Origi
85%
2019-202027FW ๐Ÿ‡ง๐Ÿ‡ชDivock Origi
85%
2015-201627FW ๐Ÿ‡ง๐Ÿ‡ชDivock Origi
85%
2020-202127FW ๐Ÿ‡ง๐Ÿ‡ชDivock Origi
85%
2018-201927FW ๐Ÿ‡ง๐Ÿ‡ชDivock Origi
85%
2016-201727FW ๐Ÿ‡ง๐Ÿ‡ชDivock Origi
85%
2008-20099FW ๐Ÿ‡ช๐Ÿ‡ธFernando Torres
85%
2009-20109FW ๐Ÿ‡ช๐Ÿ‡ธFernando Torres
85%
2007-20089FW ๐Ÿ‡ช๐Ÿ‡ธFernando Torres
85%
2010-20119FW ๐Ÿ‡ช๐Ÿ‡ธFernando Torres
85%
2004-200518FW ๐Ÿ‡ช๐Ÿ‡ธAntonio Nรบรฑez
84%
2018-20195MF ๐Ÿ‡ณ๐Ÿ‡ฑGeorginio Wijnaldum
83%
2017-20185MF ๐Ÿ‡ณ๐Ÿ‡ฑGeorginio Wijnaldum
83%
2019-20205MF ๐Ÿ‡ณ๐Ÿ‡ฑGeorginio Wijnaldum
83%
2020-20215MF ๐Ÿ‡ณ๐Ÿ‡ฑGeorginio Wijnaldum
83%
2016-20175MF ๐Ÿ‡ณ๐Ÿ‡ฑGeorginio Wijnaldum
83%
2021-20225DF ๐Ÿ‡ซ๐Ÿ‡ทIbrahima Konatรฉ
83%
2022-20235DF ๐Ÿ‡ซ๐Ÿ‡ทIbrahima Konatรฉ
83%
2001-200212GK ๐Ÿ‡ต๐Ÿ‡ฑJerzy Dudek
83%
2004-20051GK ๐Ÿ‡ต๐Ÿ‡ฑJerzy Dudek
83%
2002-20031GK ๐Ÿ‡ต๐Ÿ‡ฑJerzy Dudek
83%
2003-20041GK ๐Ÿ‡ต๐Ÿ‡ฑJerzy Dudek
83%
2006-20071GK ๐Ÿ‡ต๐Ÿ‡ฑJerzy Dudek
83%
2005-20061GK ๐Ÿ‡ต๐Ÿ‡ฑJerzy Dudek
83%
2018-201922GK ๐Ÿ‡ง๐Ÿ‡ชSimon Mignolet
82%
2016-201722GK ๐Ÿ‡ง๐Ÿ‡ชSimon Mignolet
82%
2015-201622GK ๐Ÿ‡ง๐Ÿ‡ชSimon Mignolet
82%
2017-201822GK ๐Ÿ‡ง๐Ÿ‡ชSimon Mignolet
82%
2014-201522GK ๐Ÿ‡ง๐Ÿ‡ชSimon Mignolet
82%
2013-201422GK ๐Ÿ‡ง๐Ÿ‡ชSimon Mignolet
82%
2008-200914MF ๐Ÿ‡ช๐Ÿ‡ธXabi Alonso
82%
2004-200514MF ๐Ÿ‡ช๐Ÿ‡ธXabi Alonso
82%
2007-200814MF ๐Ÿ‡ช๐Ÿ‡ธXabi Alonso
82%
2005-200614MF ๐Ÿ‡ช๐Ÿ‡ธXabi Alonso
82%
2006-200714MF ๐Ÿ‡ช๐Ÿ‡ธXabi Alonso
82%
2014-201515FW ๐Ÿด๓ ง๓ ข๓ ฅ๓ ฎ๓ ง๓ ฟDaniel Sturridge
78%
2012-201315FW ๐Ÿด๓ ง๓ ข๓ ฅ๓ ฎ๓ ง๓ ฟDaniel Sturridge
78%
2017-201815FW ๐Ÿด๓ ง๓ ข๓ ฅ๓ ฎ๓ ง๓ ฟDaniel Sturridge
78%
2015-201615FW ๐Ÿด๓ ง๓ ข๓ ฅ๓ ฎ๓ ง๓ ฟDaniel Sturridge
78%
2013-201415FW ๐Ÿด๓ ง๓ ข๓ ฅ๓ ฎ๓ ง๓ ฟDaniel Sturridge
78%
2018-201915FW ๐Ÿด๓ ง๓ ข๓ ฅ๓ ฎ๓ ง๓ ฟDaniel Sturridge
78%
2016-201715FW ๐Ÿด๓ ง๓ ข๓ ฅ๓ ฎ๓ ง๓ ฟDaniel Sturridge
78%
2004-200523DF ๐Ÿด๓ ง๓ ข๓ ฅ๓ ฎ๓ ง๓ ฟJamie Carragher
78%
2006-200723DF ๐Ÿด๓ ง๓ ข๓ ฅ๓ ฎ๓ ง๓ ฟJamie Carragher
78%
2012-201323DF ๐Ÿด๓ ง๓ ข๓ ฅ๓ ฎ๓ ง๓ ฟJamie Carragher
78%
2000-200123DF ๐Ÿด๓ ง๓ ข๓ ฅ๓ ฎ๓ ง๓ ฟJamie Carragher
78%
2009-201023DF ๐Ÿด๓ ง๓ ข๓ ฅ๓ ฎ๓ ง๓ ฟJamie Carragher
78%
2011-201223DF ๐Ÿด๓ ง๓ ข๓ ฅ๓ ฎ๓ ง๓ ฟJamie Carragher
78%
2003-200423DF ๐Ÿด๓ ง๓ ข๓ ฅ๓ ฎ๓ ง๓ ฟJamie Carragher
78%
2001-200223DF ๐Ÿด๓ ง๓ ข๓ ฅ๓ ฎ๓ ง๓ ฟJamie Carragher
78%
2002-200323DF ๐Ÿด๓ ง๓ ข๓ ฅ๓ ฎ๓ ง๓ ฟJamie Carragher
78%
2008-200923DF ๐Ÿด๓ ง๓ ข๓ ฅ๓ ฎ๓ ง๓ ฟJamie Carragher
78%
2010-201123DF ๐Ÿด๓ ง๓ ข๓ ฅ๓ ฎ๓ ง๓ ฟJamie Carragher
78%
2005-200623DF ๐Ÿด๓ ง๓ ข๓ ฅ๓ ฎ๓ ง๓ ฟJamie Carragher
78%
2007-200823DF ๐Ÿด๓ ง๓ ข๓ ฅ๓ ฎ๓ ง๓ ฟJamie Carragher
78%
2014-201537DF ๐Ÿ‡ธ๐Ÿ‡ฐMartin Skrtel
78%
2015-201637DF ๐Ÿ‡ธ๐Ÿ‡ฐMartin Skrtel
78%
2009-201037DF ๐Ÿ‡ธ๐Ÿ‡ฐMartin Skrtel
78%
2008-200937DF ๐Ÿ‡ธ๐Ÿ‡ฐMartin Skrtel
78%
2011-201237DF ๐Ÿ‡ธ๐Ÿ‡ฐMartin Skrtel
78%
2012-201337DF ๐Ÿ‡ธ๐Ÿ‡ฐMartin Skrtel
78%
2013-201437DF ๐Ÿ‡ธ๐Ÿ‡ฐMartin Skrtel
78%
2010-201137DF ๐Ÿ‡ธ๐Ÿ‡ฐMartin Skrtel
78%
2007-200837DF ๐Ÿ‡ธ๐Ÿ‡ฐMartin Skrtel
78%
2002-20034DF ๐Ÿ‡ซ๐Ÿ‡ฎSami Hyypiรค
77%
2006-20074DF ๐Ÿ‡ซ๐Ÿ‡ฎSami Hyypiรค
77%
2005-20064DF ๐Ÿ‡ซ๐Ÿ‡ฎSami Hyypiรค
77%
2003-20044DF ๐Ÿ‡ซ๐Ÿ‡ฎSami Hyypiรค
77%
2000-200112DF ๐Ÿ‡ซ๐Ÿ‡ฎSami Hyypiรค
77%
2001-20024DF ๐Ÿ‡ซ๐Ÿ‡ฎSami Hyypiรค
77%
2004-20054DF ๐Ÿ‡ซ๐Ÿ‡ฎSami Hyypiรค
77%
2007-20084DF ๐Ÿ‡ซ๐Ÿ‡ฎSami Hyypiรค
77%
2008-20094DF ๐Ÿ‡ซ๐Ÿ‡ฎSami Hyypiรค
77%
2000-200110FW ๐Ÿด๓ ง๓ ข๓ ฅ๓ ฎ๓ ง๓ ฟMichael Owen
76%
2003-200410FW ๐Ÿด๓ ง๓ ข๓ ฅ๓ ฎ๓ ง๓ ฟMichael Owen
76%
2001-200210FW ๐Ÿด๓ ง๓ ข๓ ฅ๓ ฎ๓ ง๓ ฟMichael Owen
76%
2002-200310FW ๐Ÿด๓ ง๓ ข๓ ฅ๓ ฎ๓ ง๓ ฟMichael Owen
76%
2010-20115DF ๐Ÿ‡ฉ๐Ÿ‡ฐDaniel Agger
75%
2013-20145DF ๐Ÿ‡ฉ๐Ÿ‡ฐDaniel Agger
75%
2009-20105DF ๐Ÿ‡ฉ๐Ÿ‡ฐDaniel Agger
75%
2007-20085DF ๐Ÿ‡ฉ๐Ÿ‡ฐDaniel Agger
75%
2012-20135DF ๐Ÿ‡ฉ๐Ÿ‡ฐDaniel Agger
75%
2006-20075DF ๐Ÿ‡ฉ๐Ÿ‡ฐDaniel Agger
75%
2011-20125DF ๐Ÿ‡ฉ๐Ÿ‡ฐDaniel Agger
75%
2008-20095DF ๐Ÿ‡ฉ๐Ÿ‡ฐDaniel Agger
75%
2008-200918FW ๐Ÿ‡ณ๐Ÿ‡ฑDirk Kuyt
75%
2009-201018FW ๐Ÿ‡ณ๐Ÿ‡ฑDirk Kuyt
75%
2006-200718FW ๐Ÿ‡ณ๐Ÿ‡ฑDirk Kuyt
75%
2011-201218FW ๐Ÿ‡ณ๐Ÿ‡ฑDirk Kuyt
75%
2010-201118FW ๐Ÿ‡ณ๐Ÿ‡ฑDirk Kuyt
75%
2007-200818FW ๐Ÿ‡ณ๐Ÿ‡ฑDirk Kuyt
75%
2022-202318FW ๐Ÿ‡ณ๐Ÿ‡ฑCody Gakpo
73%
2022-202317MF ๐Ÿด๓ ง๓ ข๓ ฅ๓ ฎ๓ ง๓ ฟCurtis Jones
70%
2018-201948MF ๐Ÿด๓ ง๓ ข๓ ฅ๓ ฎ๓ ง๓ ฟCurtis Jones
70%
2019-202048MF ๐Ÿด๓ ง๓ ข๓ ฅ๓ ฎ๓ ง๓ ฟCurtis Jones
70%
2021-202217MF ๐Ÿด๓ ง๓ ข๓ ฅ๓ ฎ๓ ง๓ ฟCurtis Jones
70%
2020-202117MF ๐Ÿด๓ ง๓ ข๓ ฅ๓ ฎ๓ ง๓ ฟCurtis Jones
70%
2009-20102DF ๐Ÿด๓ ง๓ ข๓ ฅ๓ ฎ๓ ง๓ ฟGlen Johnson
70%
2011-20122DF ๐Ÿด๓ ง๓ ข๓ ฅ๓ ฎ๓ ง๓ ฟGlen Johnson
70%
2014-20152DF ๐Ÿด๓ ง๓ ข๓ ฅ๓ ฎ๓ ง๓ ฟGlen Johnson
70%
2013-20142DF ๐Ÿด๓ ง๓ ข๓ ฅ๓ ฎ๓ ง๓ ฟGlen Johnson
70%
2012-20132DF ๐Ÿด๓ ง๓ ข๓ ฅ๓ ฎ๓ ง๓ ฟGlen Johnson
70%
2010-20112DF ๐Ÿด๓ ง๓ ข๓ ฅ๓ ฎ๓ ง๓ ฟGlen Johnson
70%
2019-202067MF ๐Ÿด๓ ง๓ ข๓ ฅ๓ ฎ๓ ง๓ ฟHarvey Elliott
70%
2022-202319MF ๐Ÿด๓ ง๓ ข๓ ฅ๓ ฎ๓ ง๓ ฟHarvey Elliott
70%
2021-202267MF ๐Ÿด๓ ง๓ ข๓ ฅ๓ ฎ๓ ง๓ ฟHarvey Elliott
70%
2019-202020MF ๐Ÿด๓ ง๓ ข๓ ฅ๓ ฎ๓ ง๓ ฟAdam Lallana
69%
2014-201520MF ๐Ÿด๓ ง๓ ข๓ ฅ๓ ฎ๓ ง๓ ฟAdam Lallana
69%
2015-201620MF ๐Ÿด๓ ง๓ ข๓ ฅ๓ ฎ๓ ง๓ ฟAdam Lallana
69%
2016-201720MF ๐Ÿด๓ ง๓ ข๓ ฅ๓ ฎ๓ ง๓ ฟAdam Lallana
69%
2018-201920MF ๐Ÿด๓ ง๓ ข๓ ฅ๓ ฎ๓ ง๓ ฟAdam Lallana
69%
2017-201820MF ๐Ÿด๓ ง๓ ข๓ ฅ๓ ฎ๓ ง๓ ฟAdam Lallana
69%
2019-202013GK ๐Ÿ‡ช๐Ÿ‡ธAdriรกn
69%
2020-202113GK ๐Ÿ‡ช๐Ÿ‡ธAdriรกn
69%
2013-20141GK ๐Ÿ‡ฆ๐Ÿ‡บBrad Jones
69%
2011-20121GK ๐Ÿ‡ฆ๐Ÿ‡บBrad Jones
69%
2012-20131GK ๐Ÿ‡ฆ๐Ÿ‡บBrad Jones
69%
2014-20151GK ๐Ÿ‡ฆ๐Ÿ‡บBrad Jones
69%
2014-201523MF ๐Ÿ‡ฉ๐Ÿ‡ชEmre Can
69%
2017-201823MF ๐Ÿ‡ฉ๐Ÿ‡ชEmre Can
69%
2015-201623MF ๐Ÿ‡ฉ๐Ÿ‡ชEmre Can
69%
2016-201723MF ๐Ÿ‡ฉ๐Ÿ‡ชEmre Can
69%
2022-202321DF ๐Ÿ‡ฌ๐Ÿ‡ทKonstantinos Tsimikas
69%
2021-202221DF ๐Ÿ‡ฌ๐Ÿ‡ทKonstantinos Tsimikas
69%
2020-202118FW ๐Ÿ‡ฏ๐Ÿ‡ตTakumi Minamino
69%
2019-202018FW ๐Ÿ‡ฏ๐Ÿ‡ตTakumi Minamino
69%
2021-202218FW ๐Ÿ‡ฏ๐Ÿ‡ตTakumi Minamino
69%
2003-200412GK ๐Ÿด๓ ง๓ ข๓ ท๓ ฌ๓ ณ๓ ฟPaul Jones
68%
2016-201718DF ๐Ÿ‡ช๐Ÿ‡ธAlberto Moreno
67%
2018-201918DF ๐Ÿ‡ช๐Ÿ‡ธAlberto Moreno
67%
2017-201818DF ๐Ÿ‡ช๐Ÿ‡ธAlberto Moreno
67%
2014-201518DF ๐Ÿ‡ช๐Ÿ‡ธAlberto Moreno
67%
2015-201618DF ๐Ÿ‡ช๐Ÿ‡ธAlberto Moreno
67%
2008-200920MF ๐Ÿ‡ฆ๐Ÿ‡ทJavier Mascherano
67%
2009-201020MF ๐Ÿ‡ฆ๐Ÿ‡ทJavier Mascherano
67%
2007-200820MF ๐Ÿ‡ฆ๐Ÿ‡ทJavier Mascherano
67%
2006-200720MF ๐Ÿ‡ฆ๐Ÿ‡ทJavier Mascherano
67%
2004-20055FW ๐Ÿ‡จ๐Ÿ‡ฟMilan Baros
67%
2003-20045FW ๐Ÿ‡จ๐Ÿ‡ฟMilan Baros
67%
2002-20035FW ๐Ÿ‡จ๐Ÿ‡ฟMilan Baros
67%
2021-202215MF ๐Ÿด๓ ง๓ ข๓ ฅ๓ ฎ๓ ง๓ ฟAlex Oxlade-Chamberlain
66%
2022-202315MF ๐Ÿด๓ ง๓ ข๓ ฅ๓ ฎ๓ ง๓ ฟAlex Oxlade-Chamberlain
66%
2017-201821MF ๐Ÿด๓ ง๓ ข๓ ฅ๓ ฎ๓ ง๓ ฟAlex Oxlade-Chamberlain
66%
2019-202015MF ๐Ÿด๓ ง๓ ข๓ ฅ๓ ฎ๓ ง๓ ฟAlex Oxlade-Chamberlain
66%
2022-202362GK ๐Ÿ‡ฎ๐Ÿ‡ชCaoimhรญn Kelleher
66%
2019-202062GK ๐Ÿ‡ฎ๐Ÿ‡ชCaoimhรญn Kelleher
66%
2021-202262GK ๐Ÿ‡ฎ๐Ÿ‡ชCaoimhรญn Kelleher
66%
2003-200418DF ๐Ÿ‡ณ๐Ÿ‡ดJohn Arne Riise
66%
2004-20056DF ๐Ÿ‡ณ๐Ÿ‡ดJohn Arne Riise
66%
2005-20066DF ๐Ÿ‡ณ๐Ÿ‡ดJohn Arne Riise
66%
2001-200218DF ๐Ÿ‡ณ๐Ÿ‡ดJohn Arne Riise
66%
2007-20086DF ๐Ÿ‡ณ๐Ÿ‡ดJohn Arne Riise
66%
2002-200318DF ๐Ÿ‡ณ๐Ÿ‡ดJohn Arne Riise
66%
2006-20076DF ๐Ÿ‡ณ๐Ÿ‡ดJohn Arne Riise
66%
2013-201421MF ๐Ÿ‡ง๐Ÿ‡ทLucas Leiva
66%
2009-201021MF ๐Ÿ‡ง๐Ÿ‡ทLucas Leiva
66%
2007-200821MF ๐Ÿ‡ง๐Ÿ‡ทLucas Leiva
66%
2015-201621MF ๐Ÿ‡ง๐Ÿ‡ทLucas Leiva
66%
2014-201521MF ๐Ÿ‡ง๐Ÿ‡ทLucas Leiva
66%
2010-201121MF ๐Ÿ‡ง๐Ÿ‡ทLucas Leiva
66%
2008-200921MF ๐Ÿ‡ง๐Ÿ‡ทLucas Leiva
66%
2011-201221MF ๐Ÿ‡ง๐Ÿ‡ทLucas Leiva
66%
2016-201721MF ๐Ÿ‡ง๐Ÿ‡ทLucas Leiva
66%
2012-201321MF ๐Ÿ‡ง๐Ÿ‡ทLucas Leiva
66%
2014-201531FW ๐Ÿด๓ ง๓ ข๓ ฅ๓ ฎ๓ ง๓ ฟRaheem Sterling
66%
2012-201331FW ๐Ÿด๓ ง๓ ข๓ ฅ๓ ฎ๓ ง๓ ฟRaheem Sterling
66%
2013-201431FW ๐Ÿด๓ ง๓ ข๓ ฅ๓ ฎ๓ ง๓ ฟRaheem Sterling
66%
2016-20172DF ๐Ÿด๓ ง๓ ข๓ ฅ๓ ฎ๓ ง๓ ฟNathaniel Clyne
65%
2017-20182DF ๐Ÿด๓ ง๓ ข๓ ฅ๓ ฎ๓ ง๓ ฟNathaniel Clyne
65%
2018-20192DF ๐Ÿด๓ ง๓ ข๓ ฅ๓ ฎ๓ ง๓ ฟNathaniel Clyne
65%
2015-20162DF ๐Ÿด๓ ง๓ ข๓ ฅ๓ ฎ๓ ง๓ ฟNathaniel Clyne
65%
2005-20067FW ๐Ÿ‡ฆ๐Ÿ‡บHarry Kewell
64%
2007-20087FW ๐Ÿ‡ฆ๐Ÿ‡บHarry Kewell
64%
2004-20057FW ๐Ÿ‡ฆ๐Ÿ‡บHarry Kewell
64%
2003-20047FW ๐Ÿ‡ฆ๐Ÿ‡บHarry Kewell
64%
2014-201545FW ๐Ÿ‡ฎ๐Ÿ‡นMario Balotelli
64%
2000-20016DF ๐Ÿ‡ฉ๐Ÿ‡ชMarkus Babbel
62%
2001-20026DF ๐Ÿ‡ฉ๐Ÿ‡ชMarkus Babbel
62%
2002-20036DF ๐Ÿ‡ฉ๐Ÿ‡ชMarkus Babbel
62%
2018-201923MF ๐Ÿ‡จ๐Ÿ‡ญXherdan Shaqiri
62%
2020-202123MF ๐Ÿ‡จ๐Ÿ‡ญXherdan Shaqiri
62%
2004-20059FW ๐Ÿ‡ซ๐Ÿ‡ทDjibril Cissรฉ
61%
2005-20069FW ๐Ÿ‡ซ๐Ÿ‡ทDjibril Cissรฉ
61%
2015-20169FW ๐Ÿ‡ง๐Ÿ‡ชChristian Benteke
60%
2014-201524MF ๐Ÿด๓ ง๓ ข๓ ท๓ ฌ๓ ณ๓ ฟJoe Allen
59%
2013-201424MF ๐Ÿด๓ ง๓ ข๓ ท๓ ฌ๓ ณ๓ ฟJoe Allen
59%
2012-201324MF ๐Ÿด๓ ง๓ ข๓ ท๓ ฌ๓ ณ๓ ฟJoe Allen
59%
2015-201624MF ๐Ÿด๓ ง๓ ข๓ ท๓ ฌ๓ ณ๓ ฟJoe Allen
59%
2015-20164DF ๐Ÿ‡จ๐Ÿ‡ฎKolo Tourรฉ
59%
2013-20144DF ๐Ÿ‡จ๐Ÿ‡ฎKolo Tourรฉ
59%
2014-20154DF ๐Ÿ‡จ๐Ÿ‡ฎKolo Tourรฉ
59%
2005-200610FW ๐Ÿ‡ช๐Ÿ‡ธLuis Garcรญa
59%
2006-200710FW ๐Ÿ‡ช๐Ÿ‡ธLuis Garcรญa
59%
2004-200510FW ๐Ÿ‡ช๐Ÿ‡ธLuis Garcรญa
59%
2007-200811FW ๐Ÿ‡ฎ๐Ÿ‡ฑYossi Benayoun
58%
2009-201015FW ๐Ÿ‡ฎ๐Ÿ‡ฑYossi Benayoun
58%
2008-200915FW ๐Ÿ‡ฎ๐Ÿ‡ฑYossi Benayoun
58%
2010-201119FW ๐Ÿ‡ณ๐Ÿ‡ฑRyan Babel
57%
2007-200819FW ๐Ÿ‡ณ๐Ÿ‡ฑRyan Babel
57%
2009-201019FW ๐Ÿ‡ณ๐Ÿ‡ฑRyan Babel
57%
2008-200919FW ๐Ÿ‡ณ๐Ÿ‡ฑRyan Babel
57%
2014-201517DF ๐Ÿ‡ซ๐Ÿ‡ทMamadou Sakho
56%
2013-201417DF ๐Ÿ‡ซ๐Ÿ‡ทMamadou Sakho
56%
2015-201617DF ๐Ÿ‡ซ๐Ÿ‡ทMamadou Sakho
56%
2011-20129FW ๐Ÿด๓ ง๓ ข๓ ฅ๓ ฎ๓ ง๓ ฟAndy Carroll
53%
2007-200815FW ๐Ÿด๓ ง๓ ข๓ ฅ๓ ฎ๓ ง๓ ฟPeter Crouch
53%
2005-200615FW ๐Ÿด๓ ง๓ ข๓ ฅ๓ ฎ๓ ง๓ ฟPeter Crouch
53%
2006-200715FW ๐Ÿด๓ ง๓ ข๓ ฅ๓ ฎ๓ ง๓ ฟPeter Crouch
53%
2001-20029FW ๐Ÿด๓ ง๓ ข๓ ฅ๓ ฎ๓ ง๓ ฟRobbie Fowler
53%
2000-20019FW ๐Ÿด๓ ง๓ ข๓ ฅ๓ ฎ๓ ง๓ ฟRobbie Fowler
53%
2006-20079FW ๐Ÿด๓ ง๓ ข๓ ฅ๓ ฎ๓ ง๓ ฟRobbie Fowler
53%
2005-200611FW ๐Ÿด๓ ง๓ ข๓ ฅ๓ ฎ๓ ง๓ ฟRobbie Fowler
53%
2008-200917DF ๐Ÿ‡ช๐Ÿ‡ธรlvaro Arbeloa
50%
2007-200817DF ๐Ÿ‡ช๐Ÿ‡ธรlvaro Arbeloa
50%
2006-20072DF ๐Ÿ‡ช๐Ÿ‡ธรlvaro Arbeloa
50%
2006-20073DF ๐Ÿ‡ฎ๐Ÿ‡ชSteve Finnan
49%
2007-20083DF ๐Ÿ‡ฎ๐Ÿ‡ชSteve Finnan
49%
2005-20063DF ๐Ÿ‡ฎ๐Ÿ‡ชSteve Finnan
49%
2004-20053DF ๐Ÿ‡ฎ๐Ÿ‡ชSteve Finnan
49%
2003-20043DF ๐Ÿ‡ฎ๐Ÿ‡ชSteve Finnan
49%
2003-200411MF ๐Ÿ‡จ๐Ÿ‡ฟVladimir Smicer
48%
2001-20027MF ๐Ÿ‡จ๐Ÿ‡ฟVladimir Smicer
48%
2004-200511MF ๐Ÿ‡จ๐Ÿ‡ฟVladimir Smicer
48%
2000-20017MF ๐Ÿ‡จ๐Ÿ‡ฟVladimir Smicer
48%
2002-20037MF ๐Ÿ‡จ๐Ÿ‡ฟVladimir Smicer
48%
2014-201529FW ๐Ÿ‡ฎ๐Ÿ‡นFabio Borini
47%
2012-201329FW ๐Ÿ‡ฎ๐Ÿ‡นFabio Borini
47%
2022-202328MF ๐Ÿ‡ต๐Ÿ‡นFรกbio Carvalho
46%
2000-20018FW ๐Ÿด๓ ง๓ ข๓ ฅ๓ ฎ๓ ง๓ ฟEmile Heskey
45%
2002-20038FW ๐Ÿด๓ ง๓ ข๓ ฅ๓ ฎ๓ ง๓ ฟEmile Heskey
45%
2003-20048FW ๐Ÿด๓ ง๓ ข๓ ฅ๓ ฎ๓ ง๓ ฟEmile Heskey
45%
2001-20028FW ๐Ÿด๓ ง๓ ข๓ ฅ๓ ฎ๓ ง๓ ฟEmile Heskey
45%
2020-202147DF ๐Ÿด๓ ง๓ ข๓ ฅ๓ ฎ๓ ง๓ ฟNathaniel Phillips
45%
2017-201817DF ๐Ÿ‡ช๐Ÿ‡ชRagnar Klavan
45%
2016-201717DF ๐Ÿ‡ช๐Ÿ‡ชRagnar Klavan
45%
2004-200521DF ๐Ÿ‡ฒ๐Ÿ‡ฑDjimi Traorรฉ
44%
2003-200421DF ๐Ÿ‡ฒ๐Ÿ‡ฑDjimi Traorรฉ
44%
2005-200621DF ๐Ÿ‡ฒ๐Ÿ‡ฑDjimi Traorรฉ
44%
2000-200130DF ๐Ÿ‡ฒ๐Ÿ‡ฑDjimi Traorรฉ
44%
2002-200330DF ๐Ÿ‡ฒ๐Ÿ‡ฑDjimi Traorรฉ
44%
2014-20153DF ๐Ÿ‡ช๐Ÿ‡ธJosรฉ Enrique
44%
2011-20123DF ๐Ÿ‡ช๐Ÿ‡ธJosรฉ Enrique
44%
2013-20143DF ๐Ÿ‡ช๐Ÿ‡ธJosรฉ Enrique
44%
2012-20133DF ๐Ÿ‡ช๐Ÿ‡ธJosรฉ Enrique
44%
2019-202076DF ๐Ÿด๓ ง๓ ข๓ ท๓ ฌ๓ ณ๓ ฟNeco Williams
44%
2020-202176DF ๐Ÿด๓ ง๓ ข๓ ท๓ ฌ๓ ณ๓ ฟNeco Williams
44%
2010-201110MF ๐Ÿด๓ ง๓ ข๓ ฅ๓ ฎ๓ ง๓ ฟJoe Cole
43%
2011-201211FW ๐Ÿ‡ฆ๐Ÿ‡ทMaxi Rodrรญguez
43%
2009-201017FW ๐Ÿ‡ฆ๐Ÿ‡ทMaxi Rodrรญguez
43%
2010-201117FW ๐Ÿ‡ฆ๐Ÿ‡ทMaxi Rodrรญguez
43%
2020-202119DF ๐Ÿ‡น๐Ÿ‡ทOzan Kabak
43%
2020-202146DF ๐Ÿด๓ ง๓ ข๓ ฅ๓ ฎ๓ ง๓ ฟRhys Williams
43%
2001-200216MF ๐Ÿ‡ฉ๐Ÿ‡ชDietmar Hamann
42%
2003-200416MF ๐Ÿ‡ฉ๐Ÿ‡ชDietmar Hamann
42%
2004-200516MF ๐Ÿ‡ฉ๐Ÿ‡ชDietmar Hamann
42%
2000-200116MF ๐Ÿ‡ฉ๐Ÿ‡ชDietmar Hamann
42%
2002-200316MF ๐Ÿ‡ฉ๐Ÿ‡ชDietmar Hamann
42%
2005-200616MF ๐Ÿ‡ฉ๐Ÿ‡ชDietmar Hamann
42%
2009-20104MF ๐Ÿ‡ฎ๐Ÿ‡นAlberto Aquilani
41%
2014-201550FW ๐Ÿ‡ท๐Ÿ‡ธLazar Markovic
41%
2014-20159FW ๐Ÿด๓ ง๓ ข๓ ฅ๓ ฎ๓ ง๓ ฟRickie Lambert
41%
2008-20097FW ๐Ÿ‡ฎ๐Ÿ‡ชRobbie Keane
41%
2010-20116DF ๐Ÿ‡ง๐Ÿ‡ทFรกbio Aurรฉlio
39%
2006-200712DF ๐Ÿ‡ง๐Ÿ‡ทFรกbio Aurรฉlio
39%
2007-200812DF ๐Ÿ‡ง๐Ÿ‡ทFรกbio Aurรฉlio
39%
2008-200912DF ๐Ÿ‡ง๐Ÿ‡ทFรกbio Aurรฉlio
39%
2009-201012DF ๐Ÿ‡ง๐Ÿ‡ทFรกbio Aurรฉlio
39%
2011-20126DF ๐Ÿ‡ง๐Ÿ‡ทFรกbio Aurรฉlio
39%
2010-20114MF ๐Ÿ‡ต๐Ÿ‡นRaรบl Meireles
38%
2022-202343MF ๐Ÿ‡ช๐Ÿ‡ธStefan Bajcetic
37%
2002-20039FW ๐Ÿ‡ธ๐Ÿ‡ณEl-Hadji Diouf
36%
2003-20049FW ๐Ÿ‡ธ๐Ÿ‡ณEl-Hadji Diouf
36%
2005-200622MF ๐Ÿ‡ฒ๐Ÿ‡ฑMohamed Sissoko
36%
2006-200722MF ๐Ÿ‡ฒ๐Ÿ‡ฑMohamed Sissoko
36%
2007-200822MF ๐Ÿ‡ฒ๐Ÿ‡ฑMohamed Sissoko
36%
2012-20134MF ๐Ÿ‡น๐Ÿ‡ทNuri Sahin
36%
2011-201239FW ๐Ÿด๓ ง๓ ข๓ ท๓ ฌ๓ ณ๓ ฟCraig Bellamy
35%
2006-200717FW ๐Ÿด๓ ง๓ ข๓ ท๓ ฌ๓ ณ๓ ฟCraig Bellamy
35%
2017-201828FW ๐Ÿด๓ ง๓ ข๓ ฅ๓ ฎ๓ ง๓ ฟDanny Ings
35%
2015-201628FW ๐Ÿด๓ ง๓ ข๓ ฅ๓ ฎ๓ ง๓ ฟDanny Ings
35%
2001-20029FW ๐Ÿ‡ซ๐Ÿ‡ทNicolas Anelka
35%
2013-20149FW ๐Ÿ‡ช๐Ÿ‡ธIago Aspas
34%
2013-201438DF ๐Ÿด๓ ง๓ ข๓ ฅ๓ ฎ๓ ง๓ ฟJon Flanagan
34%
2015-201638DF ๐Ÿด๓ ง๓ ข๓ ฅ๓ ฎ๓ ง๓ ฟJon Flanagan
34%
2011-201238DF ๐Ÿด๓ ง๓ ข๓ ฅ๓ ฎ๓ ง๓ ฟJon Flanagan
34%
2010-201138DF ๐Ÿด๓ ง๓ ข๓ ฅ๓ ฎ๓ ง๓ ฟJon Flanagan
34%
2008-200911MF ๐Ÿ‡ช๐Ÿ‡ธAlbert Riera
33%
2009-201011MF ๐Ÿ‡ช๐Ÿ‡ธAlbert Riera
33%
2001-200221MF ๐Ÿด๓ ง๓ ข๓ ณ๓ ฃ๓ ด๓ ฟGary McAllister
33%
2000-200121MF ๐Ÿด๓ ง๓ ข๓ ณ๓ ฃ๓ ด๓ ฟGary McAllister
33%
2002-200315MF ๐Ÿ‡จ๐Ÿ‡ฟPatrik Berger
33%
2000-200115MF ๐Ÿ‡จ๐Ÿ‡ฟPatrik Berger
33%
2001-200215MF ๐Ÿ‡จ๐Ÿ‡ฟPatrik Berger
33%
2011-201226MF ๐Ÿด๓ ง๓ ข๓ ณ๓ ฃ๓ ด๓ ฟCharlie Adam
32%
2005-200619FW ๐Ÿ‡ช๐Ÿ‡ธFernando Morientes
31%
2004-200519FW ๐Ÿ‡ช๐Ÿ‡ธFernando Morientes
31%
2015-201644DF ๐Ÿ‡ฆ๐Ÿ‡บBrad Smith
30%
2013-201444DF ๐Ÿ‡ฆ๐Ÿ‡บBrad Smith
30%
2012-201316DF ๐Ÿ‡บ๐Ÿ‡พSebastiรกn Coates
30%
2011-201216DF ๐Ÿ‡บ๐Ÿ‡พSebastiรกn Coates
30%
2001-20022DF ๐Ÿ‡จ๐Ÿ‡ญStรฉphane Henchoz
29%
2000-20012DF ๐Ÿ‡จ๐Ÿ‡ญStรฉphane Henchoz
29%
2002-20032DF ๐Ÿ‡จ๐Ÿ‡ญStรฉphane Henchoz
29%
2003-20042DF ๐Ÿ‡จ๐Ÿ‡ญStรฉphane Henchoz
29%
2011-201219FW ๐Ÿด๓ ง๓ ข๓ ฅ๓ ฎ๓ ง๓ ฟStewart Downing
29%
2012-201319FW ๐Ÿด๓ ง๓ ข๓ ฅ๓ ฎ๓ ง๓ ฟStewart Downing
29%
2007-200810FW ๐Ÿ‡บ๐Ÿ‡ฆAndriy Voronin
28%
2009-201010FW ๐Ÿ‡บ๐Ÿ‡ฆAndriy Voronin
28%
2013-20146MF ๐Ÿ‡ช๐Ÿ‡ธLuis Alberto
28%
2005-200613GK ๐Ÿด๓ ง๓ ข๓ ฅ๓ ฎ๓ ง๓ ฟScott Carson
28%
2013-201412MF ๐Ÿ‡ณ๐Ÿ‡ฌVictor Moses
28%
2015-201634GK ๐Ÿ‡ญ๐Ÿ‡บรdรกm Bogdรกn
27%
2000-200137MF ๐Ÿ‡ซ๐Ÿ‡ฎJari Litmanen
27%
2001-200237MF ๐Ÿ‡ซ๐Ÿ‡ฎJari Litmanen
27%
2000-20011GK ๐Ÿ‡ณ๐Ÿ‡ฑSander Westerveld
26%
2008-200922DF ๐Ÿ‡ฆ๐Ÿ‡ทEmiliano Insรบa
25%
2009-201022DF ๐Ÿ‡ฆ๐Ÿ‡ทEmiliano Insรบa
25%
2017-201816MF ๐Ÿ‡ท๐Ÿ‡ธMarko Grujic
25%
2016-201716MF ๐Ÿ‡ท๐Ÿ‡ธMarko Grujic
25%
2003-200413MF ๐Ÿด๓ ง๓ ข๓ ฅ๓ ฎ๓ ง๓ ฟDanny Murphy
24%
2002-200313MF ๐Ÿด๓ ง๓ ข๓ ฅ๓ ฎ๓ ง๓ ฟDanny Murphy
24%
2000-200113MF ๐Ÿด๓ ง๓ ข๓ ฅ๓ ฎ๓ ง๓ ฟDanny Murphy
24%
2001-200213MF ๐Ÿด๓ ง๓ ข๓ ฅ๓ ฎ๓ ง๓ ฟDanny Murphy
24%
2010-201122DF ๐Ÿด๓ ง๓ ข๓ ณ๓ ฃ๓ ด๓ ฟDanny Wilson
24%
2008-200924FW ๐Ÿ‡ซ๐Ÿ‡ทDavid N'Gog
24%
2009-201024FW ๐Ÿ‡ซ๐Ÿ‡ทDavid N'Gog
24%
2010-201124FW ๐Ÿ‡ซ๐Ÿ‡ทDavid N'Gog
24%
2010-20113DF ๐Ÿด๓ ง๓ ข๓ ฅ๓ ฎ๓ ง๓ ฟPaul Konchesky
24%
2002-20033DF ๐Ÿ‡ต๐Ÿ‡นAbel Xavier
23%
2001-20023DF ๐Ÿ‡ต๐Ÿ‡นAbel Xavier
23%
2008-20092MF ๐Ÿ‡ฎ๐Ÿ‡นAndrea Dossena
23%
2009-201038MF ๐Ÿ‡ฎ๐Ÿ‡นAndrea Dossena
23%
2001-200211MF ๐Ÿด๓ ง๓ ข๓ ฅ๓ ฎ๓ ง๓ ฟJamie Redknapp
23%
2005-200630FW ๐Ÿ‡ณ๐Ÿ‡ฑBoudewijn Zenden
22%
2006-200732FW ๐Ÿ‡ณ๐Ÿ‡ฑBoudewijn Zenden
22%
2010-201128MF ๐Ÿ‡ฉ๐Ÿ‡ฐChristian Poulsen
22%
2002-200325MF ๐Ÿ‡ญ๐Ÿ‡ทIgor Biscan
22%
2003-200425MF ๐Ÿ‡ญ๐Ÿ‡ทIgor Biscan
22%
2004-200525MF ๐Ÿ‡ญ๐Ÿ‡ทIgor Biscan
22%
2001-200225MF ๐Ÿ‡ญ๐Ÿ‡ทIgor Biscan
22%
2000-200125MF ๐Ÿ‡ญ๐Ÿ‡ทIgor Biscan
22%
2006-200716FW ๐Ÿด๓ ง๓ ข๓ ฅ๓ ฎ๓ ง๓ ฟJermaine Pennant
22%
2008-200916FW ๐Ÿด๓ ง๓ ข๓ ฅ๓ ฎ๓ ง๓ ฟJermaine Pennant
22%
2007-200816FW ๐Ÿด๓ ง๓ ข๓ ฅ๓ ฎ๓ ง๓ ฟJermaine Pennant
22%
2011-201234DF ๐Ÿด๓ ง๓ ข๓ ฅ๓ ฎ๓ ง๓ ฟMartin Kelly
22%
2013-201434DF ๐Ÿด๓ ง๓ ข๓ ฅ๓ ฎ๓ ง๓ ฟMartin Kelly
22%
2012-201334DF ๐Ÿด๓ ง๓ ข๓ ฅ๓ ฎ๓ ง๓ ฟMartin Kelly
22%
2010-201134DF ๐Ÿด๓ ง๓ ข๓ ฅ๓ ฎ๓ ง๓ ฟMartin Kelly
22%
2000-20014DF ๐Ÿ‡จ๐Ÿ‡ฒRigobert Song
22%
2017-201829FW ๐Ÿด๓ ง๓ ข๓ ฅ๓ ฎ๓ ง๓ ฟDominic Solanke
21%
2004-200524FW ๐Ÿ‡ซ๐Ÿ‡ทFlorent Sinama-Pongolle
21%
2003-200424FW ๐Ÿ‡ซ๐Ÿ‡ทFlorent Sinama-Pongolle
21%
2005-200611FW ๐Ÿ‡ซ๐Ÿ‡ทFlorent Sinama-Pongolle
21%
2003-200420FW ๐Ÿ‡ซ๐Ÿ‡ทAnthony Le Tallec
20%
2000-20013MF ๐Ÿ‡ฉ๐Ÿ‡ชChristian Ziege
20%
2011-201232GK ๐Ÿ‡ง๐Ÿ‡ทDoni
20%
2014-201519DF ๐Ÿ‡ช๐Ÿ‡ธJavier Manquillo
20%
2010-201114FW ๐Ÿ‡ท๐Ÿ‡ธMilan Jovanovic
20%
2002-200321MF ๐Ÿ‡ธ๐Ÿ‡ณSalif Diao
20%
2003-200415MF ๐Ÿ‡ธ๐Ÿ‡ณSalif Diao
20%
2004-200515MF ๐Ÿ‡ธ๐Ÿ‡ณSalif Diao
20%
2012-201330FW ๐Ÿ‡ช๐Ÿ‡ธSuso
20%
2015-201633FW ๐Ÿด๓ ง๓ ข๓ ฅ๓ ฎ๓ ง๓ ฟJordon Ibe
19%
2014-201533FW ๐Ÿด๓ ง๓ ข๓ ฅ๓ ฎ๓ ง๓ ฟJordon Ibe
19%
2013-201433FW ๐Ÿด๓ ง๓ ข๓ ฅ๓ ฎ๓ ง๓ ฟJordon Ibe
19%
2009-201016DF ๐Ÿ‡ฌ๐Ÿ‡ทSotiris Kyrgiakos
19%
2010-201116DF ๐Ÿ‡ฌ๐Ÿ‡ทSotiris Kyrgiakos
19%
2013-201420DF ๐Ÿ‡ซ๐Ÿ‡ทAly Cissokho
18%
2011-201233MF ๐Ÿด๓ ง๓ ข๓ ฅ๓ ฎ๓ ง๓ ฟJonjo Shelvey
18%
2010-201133MF ๐Ÿด๓ ง๓ ข๓ ฅ๓ ฎ๓ ง๓ ฟJonjo Shelvey
18%
2012-201333MF ๐Ÿด๓ ง๓ ข๓ ฅ๓ ฎ๓ ง๓ ฟJonjo Shelvey
18%
2001-200222GK ๐Ÿด๓ ง๓ ข๓ ฅ๓ ฎ๓ ง๓ ฟChris Kirkland
17%
2003-200422GK ๐Ÿด๓ ง๓ ข๓ ฅ๓ ฎ๓ ง๓ ฟChris Kirkland
17%
2002-200322GK ๐Ÿด๓ ง๓ ข๓ ฅ๓ ฎ๓ ง๓ ฟChris Kirkland
17%
2004-200522GK ๐Ÿด๓ ง๓ ข๓ ฅ๓ ฎ๓ ง๓ ฟChris Kirkland
17%
2009-201026MF ๐Ÿด๓ ง๓ ข๓ ฅ๓ ฎ๓ ง๓ ฟJay Spearing
17%
2011-201220MF ๐Ÿด๓ ง๓ ข๓ ฅ๓ ฎ๓ ง๓ ฟJay Spearing
17%
2010-201126MF ๐Ÿด๓ ง๓ ข๓ ฅ๓ ฎ๓ ง๓ ฟJay Spearing
17%
2006-200711FW ๐Ÿ‡จ๐Ÿ‡ฑMark Gonzรกlez
17%
2001-200229DF ๐Ÿด๓ ง๓ ข๓ ฅ๓ ฎ๓ ง๓ ฟStephen Wright
17%
2000-200129DF ๐Ÿด๓ ง๓ ข๓ ฅ๓ ฎ๓ ง๓ ฟStephen Wright
17%
2002-200328MF ๐Ÿ‡ซ๐Ÿ‡ทBruno Cheyrou
15%
2003-200428MF ๐Ÿ‡ซ๐Ÿ‡ทBruno Cheyrou
15%
2011-201249DF ๐Ÿด๓ ง๓ ข๓ ฅ๓ ฎ๓ ง๓ ฟJack Robinson
15%
2012-201349DF ๐Ÿด๓ ง๓ ข๓ ฅ๓ ฎ๓ ง๓ ฟJack Robinson
15%
2000-200120MF ๐Ÿด๓ ง๓ ข๓ ฅ๓ ฎ๓ ง๓ ฟNick Barmby
15%
2001-200220MF ๐Ÿด๓ ง๓ ข๓ ฅ๓ ฎ๓ ง๓ ฟNick Barmby
15%
2000-200114DF ๐Ÿ‡ณ๐Ÿ‡ดVegard Heggem
15%
2005-20062DF ๐Ÿ‡ณ๐Ÿ‡ฑJan Kromkamp
13%
2004-200517DF ๐Ÿ‡ช๐Ÿ‡ธJosemi
13%
2005-200617DF ๐Ÿ‡ช๐Ÿ‡ธJosemi
13%
2008-200931FW ๐Ÿ‡ฒ๐Ÿ‡ฆNabil El Zhar
13%
2019-202068MF ๐Ÿ‡ช๐Ÿ‡ธPedro Chirivella
13%
2016-201754FW ๐Ÿด๓ ง๓ ข๓ ฅ๓ ฎ๓ ง๓ ฟSheyi Ojo
13%
2016-201758MF ๐Ÿด๓ ง๓ ข๓ ท๓ ฌ๓ ณ๓ ฟBen Woodburn
12%
2018-201951DF ๐Ÿ‡ณ๐Ÿ‡ฑKi-Jana Hoever
12%
2001-200219GK ๐Ÿ‡ซ๐Ÿ‡ทPegguy Arphexad
12%
2000-200119GK ๐Ÿ‡ซ๐Ÿ‡ทPegguy Arphexad
12%
2007-200830GK ๐Ÿ‡จ๐Ÿ‡ฒCharles Itandje
11%
2004-200512DF ๐Ÿ‡ฆ๐Ÿ‡ทMauricio Pellegrino
11%
2002-200333FW ๐Ÿด๓ ง๓ ข๓ ฅ๓ ฎ๓ ง๓ ฟNeil Mellor
11%
2004-200533FW ๐Ÿด๓ ง๓ ข๓ ฅ๓ ฎ๓ ง๓ ฟNeil Mellor
11%
2009-201027DF ๐Ÿ‡จ๐Ÿ‡ญPhilipp Degen
11%
2008-200927DF ๐Ÿ‡จ๐Ÿ‡ญPhilipp Degen
11%
2005-20062DF ๐Ÿด๓ ง๓ ข๓ ฅ๓ ฎ๓ ง๓ ฟStephen Warnock
11%
2006-200728DF ๐Ÿด๓ ง๓ ข๓ ฅ๓ ฎ๓ ง๓ ฟStephen Warnock
11%
2004-200535DF ๐Ÿด๓ ง๓ ข๓ ฅ๓ ฎ๓ ง๓ ฟStephen Warnock
11%
2021-202280MF ๐Ÿด๓ ง๓ ข๓ ฅ๓ ฎ๓ ง๓ ฟTyler Morton
11%
2001-200227DF ๐Ÿ‡ซ๐Ÿ‡ทGrรฉgory Vignal
10%
2000-200127DF ๐Ÿ‡ซ๐Ÿ‡ทGrรฉgory Vignal
10%
2002-200327DF ๐Ÿ‡ซ๐Ÿ‡ทGrรฉgory Vignal
10%
2016-201735MF ๐Ÿ‡ฏ๐Ÿ‡ฒKevin Stewart
10%
2015-201635MF ๐Ÿ‡ฏ๐Ÿ‡ฒKevin Stewart
10%
2018-201964FW ๐Ÿ‡ต๐Ÿ‡นRafael Camacho
10%
2012-201347DF ๐Ÿด๓ ง๓ ข๓ ฅ๓ ฎ๓ ง๓ ฟAndre Wisdom
8%
2013-201447DF ๐Ÿด๓ ง๓ ข๓ ฅ๓ ฎ๓ ง๓ ฟAndre Wisdom
8%
2009-201040DF ๐Ÿ‡ช๐Ÿ‡ธDaniel Ayala
8%
2008-20091GK ๐Ÿ‡ง๐Ÿ‡ทDiego Cavalieri
8%
2009-20101GK ๐Ÿ‡ง๐Ÿ‡ทDiego Cavalieri
8%
2012-201311FW ๐Ÿ‡ฒ๐Ÿ‡ฆOussama Assaidi
8%
2003-200429GK ๐Ÿ‡ซ๐Ÿ‡ทPatrice Luzi
8%
2008-200928MF ๐Ÿ‡ซ๐Ÿ‡ทDamien Plessis
7%
2006-200729DF ๐Ÿ‡ฎ๐Ÿ‡นGabriel Paletta
7%
2005-200634MF ๐Ÿ‡ฎ๐Ÿ‡ชDarren Potter
6%
2004-200534MF ๐Ÿ‡ฎ๐Ÿ‡ชDarren Potter
6%
2014-201546MF ๐Ÿด๓ ง๓ ข๓ ฅ๓ ฎ๓ ง๓ ฟJordan Rossiter
6%
2016-201753MF ๐Ÿด๓ ง๓ ข๓ ฅ๓ ฎ๓ ง๓ ฟOvie Ejaria
6%
2005-200637DF ๐Ÿ‡บ๐Ÿ‡ธZak Whitbread
6%
2000-200124FW ๐Ÿ‡ซ๐Ÿ‡ทBernard Diomรจde
5%
2002-200332MF ๐Ÿด๓ ง๓ ข๓ ฅ๓ ฎ๓ ง๓ ฟJohn Welsh
5%
2002-200336DF ๐Ÿด๓ ง๓ ข๓ ฅ๓ ฎ๓ ง๓ ฟJon Otsemobor
4%
2003-200436DF ๐Ÿด๓ ง๓ ข๓ ฅ๓ ฎ๓ ง๓ ฟJon Otsemobor
4%
2007-200833FW ๐Ÿ‡ฆ๐Ÿ‡ทSebastiรกn Leto
4%
2006-200735MF ๐Ÿด๓ ง๓ ข๓ ฅ๓ ฎ๓ ง๓ ฟDanny Guthrie
3%
2006-200737DF ๐Ÿด๓ ง๓ ข๓ ฅ๓ ฎ๓ ง๓ ฟLee Peltier
3%
2007-200846DF ๐Ÿด๓ ง๓ ข๓ ฅ๓ ฎ๓ ง๓ ฟJack Hobbs
2%

Score Distribution

Percentile by Number Answered

Percent of People with Each Score

Your Score History

You have not taken this quiz since the last reset